| 000 | 01213nam a22003497a 4500 | ||
|---|---|---|---|
| 003 | CHAP | ||
| 005 | 20220329135611.0 | ||
| 008 | 971013s1995 r 00010 d | ||
| 010 | _a39143 | ||
| 011 | _a40115 | ||
| 035 | _a44240 | ||
| 040 | _cCHAP | ||
| 090 | _aTesis | ||
| 100 | 0 | 0 |
_aLobato Ortiz, Ricardo. _967383 |
| 245 | _aEfecto de la selección masal y familial en la F2 de la cruza intervarietal de maíz zacatecas 58 SM20 x compuesto universal SM12 | ||
| 260 |
_aChapingo, Méx. : _bEl autor, _c1995 |
||
| 300 | _a104 h. | ||
| 502 | _aTesis (Ing. Agr. Fitotecnista) -- UACH. Departamento de Fitotecnia | ||
| 590 |
_aALEPH _b10 _c20130110 _lUCH01 _h1306 |
||
| 590 |
_aBATCH-UPD _b10 _c20130110 _lUCH01 _h1722 |
||
| 590 |
_aBATCH-UPD _b10 _c20130410 _lUCH01 _h1105 |
||
| 590 |
_aBATCH-UPD _b10 _c20130914 _lUCH01 _h1751 |
||
| 590 |
_aCONVERSION _b10 _c20130109 _lUCH01 _h1322 |
||
| 650 | 1 | 4 |
_aMaíz _xEspaciamiento. _970946 |
| 650 | 1 | 4 |
_aMaíz _xHíbridos. _970974 |
| 650 | 1 | 4 |
_aMaíz _xRendimiento. _971051 |
| 650 | 1 | 4 |
_aMaíz _xSelección masal. _971058 |
| 901 | _aBK | ||
| 942 | _cFOLL | ||
| 949 |
_bBC _cTES _d-101353 _eTS1 _h27733 _i44240 _si |
||
| 949 |
_bBC _cTES _d33724000004644 _eTS2 _fc.2 _h27734 _i44240 _si |
||
| 999 |
_c39143 _d39143 |
||